Catálogo
 En Linea

Golpes de estado y gobiernos de fuerza en América Latina : (Registro nro. 32950)

Detalles MARC
000 -CABECERA
campo de control de longitud fija 00547nam a2200157 a 4500
001 - NÚMERO DE CONTROL
campo de control 000033459
005 - FECHA Y HORA DE LA ÚLTIMA TRANSACCIÓN
campo de control 20200930070255.0
008 - DATOS DE LONGITUD FIJA--INFORMACIÓN GENERAL
campo de control de longitud fija 110830s1966 dr 000 0 spa d
040 ## - FUENTE DE LA CATALOGACIÓN
Centro catalogador/agencia de origen DO-SdBNP
Lengua de catalogación spa
Centro/agencia transcriptor BNPHU
082 ## - NÚMERO DE LA CLASIFICACIÓN DECIMAL DEWEY
Número de clasificación B562g
100 1# - ENTRADA PRINCIPAL--NOMBRE DE PERSONA
Nombre de persona Betancourt, Rómulo,
Fechas asociadas al nombre 1908 -1981
9 (RLIN) 16784
245 10 - MENCIÓN DE TÍTULO
Título Golpes de estado y gobiernos de fuerza en América Latina :
Resto del título La dramática experiencia dominicana /
Mención de responsabilidad, etc. Rómulo Betancourt.
246 1# - FORMA VARIANTE DE TÍTULO
Título propio/Titulo breve La dramática experiencia dominicana
260 ## - PUBLICACIÓN, DISTRIBUCIÓN, ETC.
Lugar de publicación, distribución, etc. Caracas, Venezuela :
Nombre del editor, distribuidor, etc. Arte,
Fecha de publicación, distribución, etc. 1966.
300 ## - DESCRIPCIÓN FÍSICA
Extensión 64 p. ;
Dimensiones 20 cm.
Existencias
Estado de retiro Estado de pérdida No para préstamo Código de colección Localización permanente Ubicación/localización actual Ubicación en estantería Fecha de adquisición Número de inventario Total de préstamos Signatura topográfica completa Código de barras Fecha visto por última vez Precio válido a partir de Tipo de ítem Koha Nota pública Número de copia
    Excluido de préstamo Patrimonio Dominicano Patrimonio Dominicano Patrimonio Dominicano Depósito 30.08.2011 LF1   B562g 33459-10 25.06.2020 25.06.2020 Libro y Folleto Colección Patrimonio Dominicano Perteneció a la biblioteca personal de Germán Emilio Ornes  
    Excluido de préstamo Patrimonio Dominicano Patrimonio Dominicano Patrimonio Dominicano Depósito 07.04.2015 LF1   B562g 33459-20 25.06.2020 25.06.2020 Libro y Folleto Colección Patrimonio Dominicano   e. 2

Con tecnología Koha